Statistics for Guess the Object #3

Click here to take the quiz!

General Stats

  • This quiz has been taken 49 times
  • The average score is 9 of 9

Answer Stats

Answer% Correct
Dog
100%
Aeroplane
98%
Flower
98%
Lego
98%
Rabbit
98%
Mount Fuji
96%
Lightbulb
91%
Motorcycle
91%
Hammer
89%

Score Distribution

Percentile by Number Answered

Percent of People with Each Score

Your Score History

You have not taken this quiz